32984 Vikramaditya Veergatha The Wrath Of The Hellfires Book 4 (Record no. 41289)
[ view plain ]
| 000 -LEADER | |
|---|---|
| fixed length control field | 00379nam a2200133Ia 4500 |
| 008 - FIXED-LENGTH DATA ELEMENTS--GENERAL INFORMATION | |
| fixed length control field | 240719s9999 xx 000 0 und d |
| 041 ## - LANGUAGE CODE | |
| Language code of text/sound track or separate title | eng |
| 082 ## - DEWEY DECIMAL CLASSIFICATION NUMBER | |
| Classification number | 823 NAT |
| 100 ## - MAIN ENTRY--PERSONAL NAME | |
| Personal name | NAT |
| 245 ## - TITLE STATEMENT | |
| Title | 32984 Vikramaditya Veergatha The Wrath Of The Hellfires Book 4 |
| 260 ## - PUBLICATION, DISTRIBUTION, ETC. | |
| Place of publication, distribution, etc. | Mumbai |
| Name of publisher, distributor, etc. | Jaico Book |
| Date of publication, distribution, etc. | 2021 |
| 300 ## - PHYSICAL DESCRIPTION | |
| Extent | 536.; P. 23 Cm. |
| 520 ## - SUMMARY, ETC. | |
| Summary, etc. | Gifted By : IMT Faculty Dr. Pawan Jain |
| Withdrawn status | Lost status | Damaged status | Not for loan | Home library | Current library | Shelving location | Date acquired | Total Checkouts | Full call number | Barcode | Date last seen | Price effective from | Koha item type | Public note |
|---|---|---|---|---|---|---|---|---|---|---|---|---|---|---|
| IMTN | IMTN | Rack 39-B | 05/06/2023 | 823 NAT | 32984 | 07/19/2024 | 07/19/2024 | Books | Gifted |